000 01546nam a2200373Ia 4500
001 ebr10574164
003 CaPaEBR
006 m u
007 cr cn|||||||||
008 090505s2010 nyu sb 001 0 eng d
010 _z 2009017939
020 _z1438429983 (pbk. : alk. paper)
020 _z1438429991 (hbk. : alk. paper)
020 _z9781438429984 (pbk. : alk. paper)
020 _z9781438429991 (hbk. : alk. paper)
020 _z9781438430003
040 _aCaPaEBR
_cCaPaEBR
035 _a(OCoLC)593295901
050 1 4 _aHV6569.V5
_bW43 2010eb
100 1 _aWeaver, Gina Marie,
_d1980-
245 1 0 _aIdeologies of forgetting
_h[electronic resource] :
_brape in the Vietnam War /
_cGina Marie Weaver.
260 _aAlbany :
_bState University of New York Press,
_cc2010.
300 _axvii, 198 p.
490 1 _aSUNY series in feminist criticism and theory
504 _aIncludes bibliographical references and index.
533 _aElectronic reproduction.
_bPalo Alto, Calif. :
_cebrary,
_d2013.
_nAvailable via World Wide Web.
_nAccess may be limited to ebrary affiliated libraries.
650 0 _aRape as a weapon of war
_zVietnam
_xHistory
_y20th century.
650 0 _aVietnam War, 1961-1975
_xAtrocities.
650 0 _aRape victims
_zVietnam.
655 7 _aElectronic books.
_2local
710 2 _aebrary, Inc.
830 0 _aSUNY series in feminist criticism and theory.
856 4 0 _uhttp://site.ebrary.com/lib/rucke/Doc?id=10574164
_zAn electronic book accessible through the World Wide Web; click to view
999 _c182285
_d182285